Т. 1; Кодирование деталей в машиностроении

Détails bibliographiques
Parent link:Кодирование деталей в машиностроении: справочник/ Ю. Р. Копылов. Т. 1.— , 2011.— 978-5-89882-017-6
Résumé:В справочнике представлена информация для определения конструкторского и технологического кодов деталей машиностроения, которая используется при автоматизированном проектировании технологий методом адресации. В первом томе справочника представлено графическое толкование терминов конструкторского классификатора. Дана общая характеристика, приведены нормативные материалы для определения конструкторских кодов деталей 710000, 720000 и 730000 классов. Кратко характеризуются методы обработки поверхностей и нормативные материалы для определения технологических кодов деталей, обрабатываемых резанием. Приведены примеры определения конструкторского и технологического кодов с трёхмерными моделями и чертежами деталей. Справочник предназначен для конструкторов и технологов машиностроения, научных работников, аспирантов и студентов, занимающихся проектированием технологий.
Langue:russe
Publié: 2011
Sujets:
Format: MixedMaterials Livre
KOHA link:https://koha.lib.tpu.ru/cgi-bin/koha/opac-detail.pl?biblionumber=191034

MARC

LEADER 00000nam2a2200000 4500
001 191034
005 20231101224325.0
010 |a 9785941782611 
035 |a (RuTPU)RU\TPU\book\208274 
090 |a 191034 
100 |a 20110201d2011 k y0rusy50 ca 
101 0 |a rus 
102 |a RU 
105 |a a g 001zy 
200 0 |a Т. 1 
210 |d 2011 
215 |a 432 с.  |c ил. 
318 |5 63413507  |a Современные проблемы машиностроения  |b выставка 
320 |a Библиогр.: с. 428-430. 
330 |a В справочнике представлена информация для определения конструкторского и технологического кодов деталей машиностроения, которая используется при автоматизированном проектировании технологий методом адресации. В первом томе справочника представлено графическое толкование терминов конструкторского классификатора. Дана общая характеристика, приведены нормативные материалы для определения конструкторских кодов деталей 710000, 720000 и 730000 классов. Кратко характеризуются методы обработки поверхностей и нормативные материалы для определения технологических кодов деталей, обрабатываемых резанием. Приведены примеры определения конструкторского и технологического кодов с трёхмерными моделями и чертежами деталей. Справочник предназначен для конструкторов и технологов машиностроения, научных работников, аспирантов и студентов, занимающихся проектированием технологий. 
461 1 |0 (RuTPU)RU\TPU\book\212067  |y 978-5-89882-017-6  |t Кодирование деталей в машиностроении  |o справочник  |o в 2 т.  |f Ю. Р. Копылов  |v Т. 1  |d 2011 
606 1 |a Машиностроение  |x Классификаторы  |2 stltpush  |3 (RuTPU)RU\TPU\subj\41456  |9 61247 
610 1 |a детали 
610 1 |a проектирование 
610 1 |a классификация 
610 1 |a кодирование 
610 1 |a коды 
610 1 |a термины 
610 1 |a графическое толкование 
610 1 |a конструкторские классификаторы 
610 1 |a характеристика 
610 1 |a обработка резанием 
610 1 |a технологические классификаторы 
610 1 |a нормативные документы 
610 1 |a ЕСКД 
610 1 |a справочники 
675 |a 621.002:658.512.4(035)  |v 3 
801 1 |a RU  |b 63413507  |c 20110201 
801 2 |a RU  |b 63413507  |c 20110921  |g RCR 
900 |a Детали машин и основы конструирования 
942 |c BK 
959 |a 18/20110131  |d 1  |e 0  |f ЧЗТЛ:1